Statistiques concernant Plus grandes aires urbaines d'Europe

Cliquez ici pour prendre le quiz!

Statistiques générales

  • Ce quiz a été pris 90 fois
    (68 depuis la dernière actualisation)
  • Le résultat moyen est 67 sur 114

Statistiques - réponses

Population Villes % Correct
20.2 milMoscou
100%
14.6 milLondres
100%
12.7 milParis
100%
4.46 milBerlin
98%
2.71 milLyon
98%
1.95 milMarseille
98%
4.34 milRome
98%
1.45 milToulouse
98%
5.41 milBarcelone
98%
6.29 milSaint-Pétersbourg
97%
6.47 milMadrid
97%
8.21 milMilan
97%
2.96 milBruxelles
97%
3.76 milAthènes
97%
4.60 milKiev
95%
2.78 milManchester
95%
1.18 milLille
95%
3.38 milVarsovie
95%
2.35 milAmsterdam
95%
4.43 milNaples
94%
2.35 milBucarest
94%
1.52 milOslo
92%
2.94 milLisbonne
92%
2.87 milMunich
92%
1.23 milBordeaux
92%
3.28 milBudapest
91%
2.51 milValence
89%
1.90 milDublin
89%
2.02 milPrague
89%
1.94 milSéville
88%
2.71 milVienne
86%
2.33 milStockholm
86%
2.28 milTurin
86%
1.11 milNice
86%
3.17 milHambourg
86%
1.47 milHelsinki
86%
15.0 milIstanbul
86%
2.27 milRotterdam
85%
2.08 milCopenhague
85%
1.67 milSofia
83%
1.74 milLiverpool
83%
3.97 milFrancfort
83%
1.31 milZurich
82%
1.73 milPorto
82%
1.48 milCracovie
82%
1.11 milZagreb
82%
1.03 milGenève
80%
3.86 milBirmingham
80%
1.80 milBelgrade
80%
2.93 milCologne-Düsseldorf
78%
1.27 milPalerme
75%
9.89 milRhin-Rhur
74%
1.97 milMinsk
74%
1.73 milGlasgow
74%
1.58 milFlorence
72%
1.12 milAnvers
66%
1.13 milBilbao
58%
1.11 milThessalonique
58%
2.99 milStuttgart
58%
1.57 milLa Haye
58%
1.81 milMalmö
57%
1.29 milCardiff
55%
1.05 milBologne
52%
1.39 milNuremberg
52%
1.10 milTirana
52%
1.15 milHanovre
49%
1.00 milOdessa
49%
1.65 milMalaga
49%
1.34 milLeipzig
48%
2.29 milLeeds
48%
1.65 milNewcastle upon Tyne
46%
1.26 milBari
46%
1.62 milDonetsk
46%
1.14 milDresde
43%
1.32 milGdansk
43%
1.68 milKazan
42%
1.52 milSaragosse
42%
1.41 milVolgograd
40%
2.21 milRostov-sur-le-Don
40%
1.26 milWrocław
38%
2.21 milEkaterinbourg
37%
2.08 milNijni Novgorod
35%
1.42 milŁódź
34%
1.13 milBristol
34%
1.16 milSouthampton
32%
1.56 milSheffield
31%
1.15 milCatane
31%
1.73 milKharkiv
29%
1.84 milAlicante
29%
1.18 milPoznań
25%
1.61 milNottingham-Derby
25%
2.73 milSamara
23%
1.40 milMannheim
23%
1.46 milDnipro
22%
2.73 milKatowice
22%
1.30 milPerm
17%
2.09 milNovossibirsk
17%
1.26 milOmsk
15%
1.18 milSébastopol
12%
1.60 milTcheliabinsk
12%
1.41 milKrasnodar
12%
1.03 milKarlsruhe
11%
1.45 milOufa
11%
1.26 milBrescia
9%
1.11 milOstrava
8%
1.32 milVoronej
6%
1.08 milIrkoutsk
6%
1.24 milSaratov
6%
1.87 milBarbant
5%
1.02 milToula
0%
1.18 milPiatigorsk
0%
1.03 milOviedo-Gijón
0%
1.47 milMurice
0%
2.15 milAlma
0%

Distribution des résultats

Percentile par nombre de réponses

% des personnes avec chaque résultat

Votre développement - résultats

Vous n’avez pas pris ce quiz depuis la dernière actualisation